|
|
|
|
| LEADER |
00000nab#a22000007a#4500 |
| 001 |
arbauad033835 |
| 003 |
AR-BaUAD |
| 005 |
20250711112715.0 |
| 008 |
981104|||||||||###||||||b###|0###a|spa|| |
| 040 |
|
|
|a AR-BaUAD
|c AR-BaUAD
|b spa
|
| 100 |
|
|
|a Gubitosi, Alessandro
|
| 245 |
|
|
|a Meno è più /
|c Alessandro Gubitosi;
|
| 300 |
0 |
|
|b fot., plantas, cortes
|
| 653 |
|
|
|a VIVIENDAS UNIFAMILIARES
|
| 653 |
|
|
|a POSTEL, DIRK
|
| 653 |
|
|
|a KRAIJVANGER, URBIS
|
| 653 |
|
|
|a MARKS, NICK
|
| 773 |
0 |
|
|t L'ARCA
|g Nº129 [set. 1998], p. 42-45
|
| 942 |
|
|
|c ARTI
|
| 952 |
|
|
|0 0
|1 0
|4 0
|7 0
|9 78754
|a AR-BAuAD
|b AR-BAuAD
|d 2025-07-11
|l 0
|p AAQA033835
|r 2025-07-11 11:27:15
|w 2025-07-11
|y ARTI
|
| 990 |
|
|
|a AQ199
|b TD
|
| 998 |
|
|
|a AAQ
|b BIBUN76
|
| 999 |
|
|
|c 58427
|d 58427
|